000 00391nam a2200169Ia 4500
005 20250423100848.0
008 250422s9999 xx 000 0 und d
020 _a0-07-146236-8
100 _aSalvatore, Dominick
245 0 _aSchaum`s outlines microeconomics
250 _a4th ed.
260 _aNew York
260 _bMcGraw-Hill
260 _c2006
300 _a356 p
942 _cBK
999 _c34566
_d34566